3 SECRETS TO EFFECTIVE TIME INVEST (Record no. 26127)

MARC details
000 -LEADER
fixed length control field 00356nam a2200133Ia 4500
008 - FIXED-LENGTH DATA ELEMENTS--GENERAL INFORMATION
fixed length control field 240624s9999 xx 000 0 und d
041 ## - LANGUAGE CODE
Language code of text/sound track or separate title eng
082 ## - DEWEY DECIMAL CLASSIFICATION NUMBER
Classification number 658.11 SAU
100 ## - MAIN ENTRY--PERSONAL NAME
Personal name SAUNDERS ELIZABETH GRACE
245 ## - TITLE STATEMENT
Title 3 SECRETS TO EFFECTIVE TIME INVEST
260 ## - PUBLICATION, DISTRIBUTION, ETC.
Date of publication, distribution, etc. 2013
Place of publication, distribution, etc. New Delhi
Name of publisher, distributor, etc. Tata McGraw-Hill
300 ## - PHYSICAL DESCRIPTION
Extent 255 : p. : cm. ; 28
365 ## - TRADE PRICE
Currency code RS
Price amount 33
Holdings
Withdrawn status Lost status Damaged status Not for loan Home library Current library Shelving location Date acquired Source of acquisition Cost, normal purchase price Full call number Barcode Date last seen Copy number Price effective from Koha item type
        IMTN IMTN Rack 20-B 12/07/2015 VBC 465.00 658.11 SAU 26127 06/24/2024 1 06/24/2024 Books
Designed & Maintained by: LRC IMT Nagpur Contact: lrc@imtnag.ac.in© 2024. All Rights Reserved.